Alimentación familiar saludable: herramientas para orientar a padres y maestros /

Guardado en:
Autor Principal: Kaufman, Miriam
Otros Autores: Aguirre, Patricia, Onzari, Marcia, Serafini, Claudia
Formato: Libro
Publicado: Buenos Aires : Noveduc, 2014
Series:Lazos ; 6
Materias:
Etiquetas: Agregar Etiqueta
Sin Etiquetas, Sea el primero en etiquetar este registro!
LEADER 00928nam a22002535a 4500
001 CEM.cems014542
005 20150219135505.0
008 130507s2014##################000#0#####d
003 CEMS
020 |a 9789875384149 
082 0 4 |a 641.1 
100 1 |a Kaufman, Miriam 
245 1 0 |a Alimentación familiar saludable: herramientas para orientar a padres y maestros /  |c Miriam Kaufman ... y Otros 
260 |a Buenos Aires :  |b Noveduc,  |c 2014 
300 |a 96 p. 
490 0 |a Lazos ; 6 
505 0 |a Comer es un acto social / Patricia Aguirre -- ¿Es lo mismo comer que alimentarse? / Miriam Kaufman y Claudia Serafini -- ¿Cómo comer saludablemente?¡¡¡Ese es el quid de la cuestión!!! / Marcia Onzari 
653 |a Salud 
653 |a Alimentacion 
653 |a Dieta 
700 1 |a Aguirre, Patricia 
700 1 |a Onzari, Marcia 
700 1 |a Serafini, Claudia 
859 |a CEMS  |b BIB. CEMS - 11 de abril  |h 641.1  |i K162  |p 27103.15  |t Ej.1